[Event "Abakan Sayany op"]
[Site "Abakan"]
[Date "2013.08.10"]
[Round "9"]
[White "Malezkey, Vladimir"]
[Black "Katanova, Marina"]
[Result "0-1"]
[WhiteElo "2114"]
[BlackElo "1933"]
[PlyCount "68"]
[EventDate "2013.08.02"]
[EventType "swiss"]
[EventRounds "9"]
[EventCountry "RUS"]
[SourceTitle "CBM 155 Extra"]
[Source "ChessBase"]
[SourceDate "2013.08.26"]
[SourceVersion "1"]
[SourceVersionDate "2013.08.26"]
[SourceQuality "1"]

1. d4 d5 2. Nf3 Nf6 3. e3 e6 4. Bd3 Bd6 5. b3 0-0 6. Bb2 Nbd7 7. Ne5 c5 8. 0-0 b6 9. Nd2 Bb7 10. f4 Ne4 11. c4 f6 12. Nxd7 Qxd7 13. Bxe4 dxe4 14. Qe2 Qe7 15. g4 cxd4 16. exd4 f5 17. g5 Bxf4 18. h4 Bg3 19. Rf2 Bxh4 20. Rg2 Bxg5 21. Rf1 Bxd2 22. Qxd2 e3 23. Qxe3 Bxg2 24. Kxg2 Rf6 25. Rf2 Rg6+ 26. Kf1 Qh4 27. c5 Qh1+ 28. Ke2 Qb1 29. Qc3 bxc5 30. dxc5 Qe4+ 31. Kf1 Rd8 32. Rf3 Rd1+ 33. Kf2 Rgg1 34. Re3 Qg2# 0-1

[Event "Abaza op"]
[Site "Abaza"]
[Date "2012.07.29"]
[Round "9"]
[White "Malezkey, Vladimir"]
[Black "Khlichkova, Tatiana"]
[Result "1/2-1/2"]
[WhiteElo "2128"]
[BlackElo "2104"]
[PlyCount "87"]
[EventDate "2012.07.21"]
[EventType "swiss"]
[EventRounds "9"]
[EventCountry "RUS"]
[SourceTitle "CBM 149 Extra"]
[Source "ChessBase"]
[SourceDate "2012.08.24"]
[SourceVersion "1"]
[SourceVersionDate "2012.08.24"]
[SourceQuality "1"]

1. e4 d5 2. exd5 Nf6 3. d4 Bg4 4. Nf3 Qxd5 5. Be2 Nc6 6. 0-0 0-0-0 7. c3 Qf5 8. b4 e5 9. b5 e4 10. bxc6 exf3 11. cxb7+ Kb8 12. Bxf3 Bxf3 13. Qxf3 Qxf3 14. gxf3 Rd5 15. Nd2 Rf5 16. Ne4 Rxf3 17. Kg2 Rf5 18. Re1 Nxe4 19. Rxe4 Bd6 20. c4 c5 21. Rb1 cxd4 22. Rxd4 Bc7 23. Be3 Ra5 24. Rd7 g5 25. Rxf7 Rxa2 26. Bd4 Re8 27. Rxh7 Ra4 28. Ra1 Rxa1 29. Bxa1 Re4 30. Rg7 g4 31. c5 Kxb7 32. Bb2 Kc6 33. Ba3 Ra4 34. Bc1 a5 35. Be3 Re4 36. Rg6+ Kb5 37. Rg7 Kc6 38. Rg6+ Kb5 39. Rg8 a4 40. Ra8 Ba5 41. Rb8+ Kc6 42. Ra8 Kb5 43. Rb8+ Kc6 44. Ra8 1/2-1/2

[Event "Abaza op"]
[Site "Abaza"]
[Date "2012.07.28"]
[Round "8"]
[White "Pakhomov, Egor"]
[Black "Malezkey, Vladimir"]
[Result "1-0"]
[WhiteElo "2396"]
[BlackElo "2128"]
[PlyCount "81"]
[EventDate "2012.07.21"]
[EventType "swiss"]
[EventRounds "9"]
[EventCountry "RUS"]
[SourceTitle "CBM 149 Extra"]
[Source "ChessBase"]
[SourceDate "2012.08.24"]
[SourceVersion "1"]
[SourceVersionDate "2012.08.24"]
[SourceQuality "1"]

1. Nf3 Nf6 2. d4 g6 3. Nbd2 d5 4. e3 Bg7 5. c4 c6 6. b4 0-0 7. Bb2 Nbd7 8. Be2 dxc4 9. Nxc4 Ne4 10. 0-0 Nd6 11. a4 Nxc4 12. Bxc4 Nb6 13. Bb3 Bg4 14. h3 Bf5 15. Nd2 Qd7 16. a5 Nc8 17. a6 Bd3 18. axb7 Qxb7 19. Re1 Qxb4 20. Qc1 Nd6 21. Ba3 Qb7 22. Qc3 Bb5 23. e4 Rac8 24. Bc5 a6 25. e5 Nf5 26. g4 Nh4 27. Qg3 g5 28. Ne4 h6 29. f4 Ng6 30. fxg5 hxg5 31. Nxg5 Bh6 32. Ne4 Bf4 33. Qf3 Qd7 34. h4 Bd3 35. h5 Bxe5 36. dxe5 Nxe5 37. Qf4 Nxg4 38. Ng5 e5 39. Qg3 Bf5 40. Rad1 Qc7 41. Rf1 1-0

[Event "Abaza op"]
[Site "Abaza"]
[Date "2012.07.25"]
[Round "5"]
[White "Piskunov, Alexandr"]
[Black "Malezkey, Vladimir"]
[Result "1-0"]
[WhiteElo "2318"]
[BlackElo "2128"]
[PlyCount "67"]
[EventDate "2012.07.21"]
[EventType "swiss"]
[EventRounds "9"]
[EventCountry "RUS"]
[SourceTitle "CBM 149 Extra"]
[Source "ChessBase"]
[SourceDate "2012.08.24"]
[SourceVersion "1"]
[SourceVersionDate "2012.08.24"]
[SourceQuality "1"]

1. Nf3 Nf6 2. g3 b6 3. Bg2 Bb7 4. 0-0 e6 5. c4 Be7 6. Nc3 0-0 7. d3 c5 8. e4 d6 9. Ne1 Nc6 10. f4 Qc7 11. Nc2 Rad8 12. Bd2 Qb8 13. g4 Ne8 14. Qf3 Nb4 15. Nxb4 cxb4 16. Ne2 d5 17. cxd5 f5 18. gxf5 exd5 19. e5 Rxf5 20. d4 Rf8 21. f5 Ba6 22. Rf2 Nc7 23. Qg4 Kh8 24. Nf4 Rf7 25. e6 Rf6 26. Ng6+ Rxg6 27. fxg6 Bd3 28. Rf7 Bf6 29. gxh7 Qc8 30. Re1 Re8 31. Qg3 Nxe6 32. Qxd3 Nxd4 33. Rxe8+ Qxe8 34. Rxf6 1-0

[Event "Abaza op"]
[Site "Abaza"]
[Date "2011.07.21"]
[Round "6"]
[White "Golovina, Darya"]
[Black "Malezkey, Vladimir"]
[Result "0-1"]
[WhiteElo "1971"]
[BlackElo "2116"]
[PlyCount "68"]
[EventDate "2011.07.16"]
[EventType "swiss"]
[EventRounds "9"]
[EventCountry "RUS"]
[SourceTitle "EXT 2012"]
[Source "ChessBase"]
[SourceDate "2011.11.24"]
[SourceVersion "1"]
[SourceVersionDate "2011.11.24"]
[SourceQuality "1"]

1. e4 e5 2. Nc3 Nf6 3. Bc4 Be7 4. d3 d6 5. f4 Nc6 6. Nf3 Bg4 7. h3 Bxf3 8. Qxf3 Nd4 9. Qd1 c6 10. Ne2 Qb6 11. fxe5 dxe5 12. Nxd4 Qxd4 13. c3 Qb6 14. Qe2 0-0 15. Be3 Bc5 16. Bg5 Nh5 17. Qxh5 Qxb2 18. Rc1 Qf2+ 19. Kd1 Qxg2 20. Re1 b5 21. Bb3 Qg3 22. Bc2 f5 23. exf5 Rxf5 24. Bh4 Qxh3 25. Qe2 Qxh4 26. d4 Rf2 27. Qxe5 Qg4+ 28. Re2 Ba3 29. Bb3+ Kh8 30. Rcc2 Raf8 31. Rcd2 Rf1+ 32. Kc2 Rc1+ 33. Kd3 Qg6+ 34. Ke3 Rxc3+ 0-1

[Event "Abaza op"]
[Site "Abaza"]
[Date "2011.07.20"]
[Round "5"]
[White "Malezkey, Vladimir"]
[Black "Avdeenko, Tatiana"]
[Result "0-1"]
[WhiteElo "2116"]
[BlackElo "2185"]
[PlyCount "92"]
[EventDate "2011.07.16"]
[EventType "swiss"]
[EventRounds "9"]
[EventCountry "RUS"]
[SourceTitle "EXT 2012"]
[Source "ChessBase"]
[SourceDate "2011.11.24"]
[SourceVersion "1"]
[SourceVersionDate "2011.11.24"]
[SourceQuality "1"]

1. d4 Nf6 2. Nf3 e6 3. c4 b6 4. g3 Ba6 5. Qc2 c5 6. Bg2 Bb7 7. e3 Be7 8. 0-0 0-0 9. Nc3 d5 10. Rd1 Nbd7 11. cxd5 exd5 12. Ne5 Rc8 13. Qe2 c4 14. Bd2 a6 15. Rac1 b5 16. a3 Re8 17. Be1 Nf8 18. g4 Ne4 19. f4 Nxc3 20. Bxc3 f6 21. Nf3 Bd6 22. Qf2 a5 23. g5 b4 24. axb4 axb4 25. Bd2 Ra8 26. Ra1 Ng6 27. Bh3 Qc7 28. gxf6 gxf6 29. Nh4 c3 30. bxc3 bxc3 31. Rxa8 Rxa8 32. Bc1 Ra1 33. Be6+ Kh8 34. Nxg6+ hxg6 35. Qc2 Kg7 36. Kh1 Bc8 37. Bxd5 Bf5 38. Qe2 c2 39. Rg1 Rxc1 40. Rxc1 Ba3 41. e4 Bxc1 42. Bb3 Bh3 43. Bxc2 Qxf4 44. Bd1 Be3 45. e5 fxe5 46. dxe5 Bf5 0-1

[Event "Abaza op"]
[Site "Abaza"]
[Date "2011.07.19"]
[Round "4"]
[White "Malezkey, Vladimir"]
[Black "Bugaev, AI."]
[Result "1-0"]
[WhiteElo "2116"]
[BlackElo "1956"]
[PlyCount "75"]
[EventDate "2011.07.16"]
[EventType "swiss"]
[EventRounds "9"]
[EventCountry "RUS"]
[SourceTitle "EXT 2012"]
[Source "ChessBase"]
[SourceDate "2011.11.24"]
[SourceVersion "1"]
[SourceVersionDate "2011.11.24"]
[SourceQuality "1"]

1. d4 Nf6 2. c4 e6 3. Nf3 b6 4. g3 Bb7 5. Bg2 Nc6 6. 0-0 Rb8 7. Nc3 Bb4 8. Qc2 Bxc3 9. Qxc3 Ne4 10. Qc2 d5 11. cxd5 exd5 12. Bf4 0-0 13. Rac1 f6 14. Qa4 g5 15. Be3 a6 16. Rxc6 Qe8 17. Rfc1 Nc5 18. dxc5 b5 19. Qb3 Bxc6 20. Nd4 Rd8 21. Rd1 Bd7 22. Bxd5+ Kg7 23. Qc2 Bh3 24. Bg2 Bc8 25. Nc6 Rxd1+ 26. Qxd1 Bb7 27. Nd4 Bxg2 28. Kxg2 Qe4+ 29. Kg1 Qd5 30. Qd3 Qxa2 31. Nf5+ Kh8 32. Bxg5 Qe6 33. Bh6 Rg8 34. Qf3 Rd8 35. Qg4 Rd1+ 36. Kg2 Qd7 37. Bg7+ Kg8 38. Nh6# 1-0

[Event "Novokuznetsk Goryainov op"]
[Site "Novokuznetsk"]
[Date "2010.08.17"]
[Round "6"]
[White "Karpov, Arkadiy"]
[Black "Malezkey, Vladimir"]
[Result "1-0"]
[WhiteElo "1988"]
[BlackElo "2087"]
[PlyCount "125"]
[EventDate "2010.08.12"]
[EventType "swiss"]
[EventRounds "9"]
[EventCountry "RUS"]
[SourceTitle "CBM 138 Extra"]
[Source "ChessBase"]
[SourceDate "2010.10.29"]
[SourceVersion "1"]
[SourceVersionDate "2010.10.29"]
[SourceQuality "1"]

1. d4 Nf6 2. Nc3 e6 3. a3 d5 4. Bg5 Be7 5. Nf3 0-0 6. e3 Nbd7 7. Bd3 c5 8. 0-0 b6 9. h3 Bb7 10. Bf4 Ne4 11. Nb1 Rc8 12. c3 Bd6 13. Bxe4 dxe4 14. Bxd6 exf3 15. gxf3 Qf6 16. Nd2 Rfd8 17. Bg3 Qh6 18. Kh2 f5 19. Rg1 cxd4 20. cxd4 Nf6 21. Bf4 Qh5 22. Be5 Qf7 23. Rc1 g6 24. Qe2 Nd7 25. Bf4 Re8 26. Qb5 a6 27. Qb4 b5 28. a4 e5 29. Rxc8 Bxc8 30. dxe5 Nxe5 31. Qd4 Nc6 32. Qc5 Bd7 33. axb5 axb5 34. Qxb5 Nd4 35. Qd3 Ne6 36. Bd6 Rd8 37. Qc3 Rc8 38. Qe5 Rc2 39. Bb4 Bc6 40. Bc3 Qc7 41. Qxc7 Nxc7 42. Kg3 Nd5 43. Nb1 Kf7 44. Rd1 Ke6 45. Re1 g5 46. Na3 Rxc3 47. bxc3 Nxc3 48. Nb1 Nd5 49. Rc1 Bd7 50. Nc3 f4+ 51. Kh2 Ne7 52. e4 Ke5 53. Rd1 Be6 54. Nb5 Bc4 55. Rc1 Be2 56. Rc5+ Kf6 57. e5+ Kg6 58. Nd4 Bd1 59. Rc1 Ba4 60. Ra1 Be8 61. Ra6+ Kf7 62. Ra7 Kf8 63. Ne6+ 1-0

[Event "Abaza op"]
[Site "Abaza"]
[Date "2009.07.25"]
[Round "9"]
[White "Malezkey, Vladimir"]
[Black "Sozin, Stepan"]
[Result "0-1"]
[WhiteElo "2110"]
[BlackElo "1955"]
[PlyCount "62"]
[EventDate "2009.07.17"]
[EventType "swiss"]
[EventRounds "9"]
[EventCountry "RUS"]
[SourceTitle "EXT 2012"]
[Source "ChessBase"]
[SourceDate "2011.11.24"]
[SourceVersion "1"]
[SourceVersionDate "2011.11.24"]
[SourceQuality "1"]

1. Nf3 c5 2. g3 Nf6 3. Bg2 g6 4. c4 Bg7 5. Nc3 Nc6 6. 0-0 0-0 7. d3 d6 8. Bd2 Bd7 9. Qc1 Rb8 10. Bh6 a6 11. Bxg7 Kxg7 12. a4 Nd4 13. Nxd4 cxd4 14. Nd5 Nxd5 15. cxd5 Qb6 16. Qd2 a5 17. Rfc1 Rfc8 18. Rc4 Rc7 19. Rac1 Rbc8 20. b3 Rxc4 21. dxc4 Qxb3 22. Qxd4+ Kg8 23. h4 Qxa4 24. h5 b5 25. h6 f6 26. Qe3 Kf7 27. c5 dxc5 28. d6 exd6 29. Bd5+ Kf8 30. Qf3 Qd4 31. Rc3 Bg4 0-1

[Event "Abaza op"]
[Site "Abaza"]
[Date "2009.07.22"]
[Round "6"]
[White "Guk, Evgeniy"]
[Black "Malezkey, Vladimir"]
[Result "1-0"]
[WhiteElo "2106"]
[BlackElo "2110"]
[PlyCount "158"]
[EventDate "2009.07.17"]
[EventType "swiss"]
[EventRounds "9"]
[EventCountry "RUS"]
[SourceTitle "EXT 2012"]
[Source "ChessBase"]
[SourceDate "2011.11.24"]
[SourceVersion "1"]
[SourceVersionDate "2011.11.24"]
[SourceQuality "1"]

1. Nf3 Nf6 2. b3 d5 3. Bb2 e6 4. e3 Be7 5. Bd3 Nbd7 6. 0-0 0-0 7. Ne5 Nxe5 8. Bxe5 Bd6 9. Bxd6 Qxd6 10. f4 Bd7 11. Nc3 Rad8 12. Ne2 c5 13. Ng3 Bc6 14. c3 Ne4 15. Qc2 f5 16. Be2 d4 17. cxd4 Nxg3 18. hxg3 cxd4 19. Bf3 Rc8 20. Qd3 Rfd8 21. Bxc6 Rxc6 22. e4 fxe4 23. Qxe4 Qd5 24. Qd3 Qf5 25. Rf3 Qxd3 26. Rxd3 Kf7 27. Re1 Rc5 28. Re4 Rcd5 29. g4 Kf6 30. Kf2 R8d6 31. Kf3 h6 32. g3 g6 33. Re1 Rc5 34. Re4 Rcd5 35. Re1 Ke7 36. Rh1 h5 37. gxh5 gxh5 38. Ke4 Kd7 39. a4 a6 40. Rc1 b5 41. axb5 axb5 42. b4 Ra6 43. Rxd4 Ra4 44. Rxd5+ exd5+ 45. Kxd5 Rxb4 46. Rh1 Rb3 47. Rxh5 Rxg3 48. Rh7+ Ke8 49. d4 b4 50. Rb7 b3 51. f5 Re3 52. Kd6 Rf3 53. d5 Kf8 54. Ke6 Re3+ 55. Kf6 Ke8 56. d6 Rd3 57. Ke5 Re3+ 58. Kd4 Rf3 59. Ke4 Rf1 60. Rxb3 Kd7 61. Rd3 Rf2 62. Ke5 Re2+ 63. Kf6 Rg2 64. Kf7 Rg5 65. f6 Rg2 66. Kf8 Rg4 67. f7 Rg6 68. Ra3 Rg1 69. Re3 Rg2 70. Re7+ Kd8 71. d7 Rg1 72. Re8+ Kxd7 73. Re4 Rf1 74. Re3 Rd1 75. Re7+ Kd8 76. Re5 Kd7 77. Re4 Rf1 78. Re3 Rd1 79. Rg3 Rf1 1-0

[Event "Abaza op"]
[Site "Abaza"]
[Date "2009.07.20"]
[Round "4"]
[White "Suslikova, Oksana"]
[Black "Malezkey, Vladimir"]
[Result "1/2-1/2"]
[WhiteElo "1978"]
[BlackElo "2110"]
[PlyCount "163"]
[EventDate "2009.07.17"]
[EventType "swiss"]
[EventRounds "9"]
[EventCountry "RUS"]
[SourceTitle "EXT 2012"]
[Source "ChessBase"]
[SourceDate "2011.11.24"]
[SourceVersion "1"]
[SourceVersionDate "2011.11.24"]
[SourceQuality "1"]

1. d4 Nf6 2. c4 g6 3. Nc3 d5 4. cxd5 Nxd5 5. e4 Nxc3 6. bxc3 Bg7 7. Bc4 c5 8. Ne2 0-0 9. d5 Qa5 10. Bd2 Nd7 11. 0-0 Ne5 12. Bb3 c4 13. Bc2 Bg4 14. h3 Bxe2 15. Qxe2 Rac8 16. Rfc1 Qa6 17. a4 Rfe8 18. Rcb1 e6 19. dxe6 Rxe6 20. Rb5 Rce8 21. Rab1 b6 22. f3 Bf8 23. Be3 Nd3 24. Bxd3 cxd3 25. Qxd3 Qxa4 26. Bd4 Rd8 27. Qf1 Rd7 28. Ra1 Qc2 29. Qb1 Qd2 30. Qc1 Qd3 31. Qf1 Qd2 32. Qc1 Qxc1+ 33. Rxc1 Rc6 34. Ra1 Bg7 35. Ra4 Rcd6 36. e5 Rc6 37. Kf2 f6 38. exf6 Bxf6 39. Bxf6 Rxf6 40. Rc4 Kf7 41. Ke3 Rfd6 42. Rb2 Rd3+ 43. Ke4 R3d6 44. Ra2 Re6+ 45. Kf4 Kf6 46. h4 a5 47. Rb2 Rdd6 48. Rb5 Rc6 49. Re4 Red6 50. c4 Rd2 51. g4 Rc2 52. Ke3 a4 53. Kd3 Rc1 54. Rb4 Rd6+ 55. Ke3 Rc3+ 56. Kf4 a3 57. g5+ Kf7 58. Ra4 Rd7 59. Re3 Rd4+ 60. Re4 Rxe4+ 61. fxe4 Ke6 62. Ra6 Rxc4 63. Rxb6+ Kd7 64. Ra6 Rc3 65. Ke5 Rh3 66. Ra7+ Kc6 67. Rxh7 Kb6 68. Rf7 Rxh4 69. Rf3 a2 70. Ra3 Rh2 71. Kf6 Kb5 72. e5 Kb4 73. Ra8 Kb3 74. e6 Re2 75. e7 Re4 76. Rxa2 Kxa2 77. Kf7 Rf4+ 78. Kxg6 Re4 79. Kf7 Rf4+ 80. Kg7 Re4 81. Kf7 Rf4+ 82. Kg7 1/2-1/2

[Event "Sibiria Region-chT"]
[Site "Berdsk"]
[Date "2008.12.03"]
[Round "7"]
[White "Malezkey, Vladimir"]
[Black "Lubashov, Alexei"]
[Result "0-1"]
[WhiteElo "2113"]
[BlackElo "2411"]
[PlyCount "86"]
[EventDate "2008.11.28"]
[EventType "team-swiss"]
[EventRounds "7"]
[EventCountry "RUS"]
[SourceTitle "EXT 2010"]
[Source "ChessBase"]
[SourceDate "2010.11.25"]
[SourceVersion "1"]
[SourceVersionDate "2010.11.25"]
[SourceQuality "1"]

1. e4 g6 2. d4 Bg7 3. Nf3 d6 4. Bc4 c6 5. 0-0 d5 6. exd5 cxd5 7. Bd3 Nc6 8. c3 Bg4 9. h3 Bxf3 10. Qxf3 e6 11. Re1 a6 12. Nd2 Nge7 13. Nf1 0-0 14. Nh2 Qd7 15. Qg3 Rae8 16. Bd2 f6 17. f4 Nc8 18. Nf3 Nd6 19. Re2 Re7 20. Rae1 b5 21. h4 f5 22. h5 gxh5 23. Qh3 Qe8 24. Nh4 Bf6 25. Re3 Ne4 26. Bxe4 dxe4 27. Kf2 Rg7 28. g3 Bxh4 29. Qxh4 Rg4 30. Qh3 Rf6 31. Rh1 h4 32. Ke1 Rfg6 33. Kd1 Qc8 34. gxh4 h5 35. Qf1 Ne7 36. c4 Qxc4 37. Qxc4 bxc4 38. Rc3 Nd5 39. Rxc4 e3 40. Be1 Rxf4 41. b4 Rg2 42. a4 Rf1 43. Rc2 Rxc2 0-1